000 00659nam a2200241Ia 4500
003 OSt
005 20220924114258.0
006 a|||||r|||| 00| 0
007 ta
008 220923b |||||||| |||| 00| 0 urd d
020 _c8.00
024 _a322142
037 _cTextual
040 _aARTS
_cARTS
_burd
041 _2urd
_aurd
082 _aR65,6, 168L2
100 _aSauhanvi Yogiraj Nazar Au.
_9172778
245 0 _aKalam-e-rabbani
260 _aAnbala
_bShivalik publishing commitee India
_c1972
650 _aBHAGAVAD GITA
942 _hR65,6, 168L2
_cTEXL
_2CC
999 _c392826
_d392826